000 00406nam a2200121Ia 4500
008 170221s9999 xx 000 0 und d
245 _aAnti-Human Trafficking Policy Compliance: The Role of Corruption
260 _bInternational Journal of Management and Marketing Reseach
260 _cMarch 2016
300 _a5:1
650 _xMarketing.
856 _uhttp://www.theibfr.com/ARCHIVE/IJMMR-V9N2-2016.pdf
999 _c310013
_d310013